<?xml version="1.0" encoding="UTF-8"?><?xml-stylesheet type="text/xsl" href="static/style.xsl"?><OAI-PMH xmlns="http://www.openarchives.org/OAI/2.0/" xmlns:xsi="http://www.w3.org/2001/XMLSchema-instance" xsi:schemaLocation="http://www.openarchives.org/OAI/2.0/ http://www.openarchives.org/OAI/2.0/OAI-PMH.xsd"><responseDate>2026-06-06T18:45:33Z</responseDate><request verb="GetRecord" identifier="oai:riuma.uma.es:10630/26013" metadataPrefix="marc">https://riuma.uma.es/rest/oai/request</request><GetRecord><record><header><identifier>oai:riuma.uma.es:10630/26013</identifier><datestamp>2026-02-03T10:19:23Z</datestamp><setSpec>com_10630_1685</setSpec><setSpec>col_10630_38055</setSpec></header><metadata><record xmlns="http://www.loc.gov/MARC21/slim" xmlns:dcterms="http://purl.org/dc/terms/" xmlns:doc="http://www.lyncode.com/xoai" xmlns:xsi="http://www.w3.org/2001/XMLSchema-instance" xsi:schemaLocation="http://www.loc.gov/MARC21/slim http://www.loc.gov/standards/marcxml/schema/MARC21slim.xsd">
   <leader>00925njm 22002777a 4500</leader>
   <datafield ind2=" " ind1=" " tag="042">
      <subfield code="a">dc</subfield>
   </datafield>
   <datafield ind2=" " ind1=" " tag="720">
      <subfield code="a">Maldonado, Luis</subfield>
      <subfield code="e">author</subfield>
   </datafield>
   <datafield ind2=" " ind1=" " tag="260">
      <subfield code="c">2014-06</subfield>
   </datafield>
   <datafield ind2=" " ind1=" " tag="520">
      <subfield code="a">Este TFG describe un proyecto de investigación de mercados cuantitativa sobre las preferencias musicales de la población joven de Málaga. En él se utilizaron técnicas estructuradas para obtener datos medibles y analizarlos estadísticamente. El estudio se centra en analizar y diferenciar los diferentes tipos de hábitos, gustos y referentes musicales existentes en la población joven malagueña, con el objetivo de entender cómo los gustos musicales están socialmente condicionados y adquieren su verdadero sentido en el contexto social en el que tienen lugar.&#xd;
&#xd;
El trabajo se enfoca en conocer algo de la sociedad o colectivo a partir de la estructura de sus gustos musicales, lo que permitirá entender cómo cada individuo se inserta en su comunidad de relaciones y cuáles son sus expectativas y referentes al hacerlo. La investigación aborda una variedad de aspectos, desde los géneros musicales concretos por los que se decantan unos y otros, hasta los estilos que rechazan, las expectativas que despiertan, las sensaciones, referentes y sentimientos que ponen en juego, los hábitos musicales concretos y los contextos de escucha, entre otros.&#xd;
&#xd;
El objetivo principal de este trabajo es desentrañar los universos musicales de la población joven malagueña y conocer quiénes son el público objetivo, a través del análisis y comparación de los diferentes tipos de gustos y referentes musicales presentes en esta población. Este conocimiento es muy valioso para los profesionales del marketing y la publicidad, ya que los datos extraídos les permite crear estrategias más efectivas y personalizadas, basadas en las preferencias y expectativas reales de su público objetivo.</subfield>
   </datafield>
   <datafield ind1="8" ind2=" " tag="024">
      <subfield code="a">Maldonado-Canca, Luis. (2014). Estudio sobre los hábitos, gustos y referentes musicales en la provincia de Málaga. Málaga: Universidad de Málaga.</subfield>
   </datafield>
   <datafield ind1="8" ind2=" " tag="024">
      <subfield code="a">https://hdl.handle.net/10630/26013</subfield>
   </datafield>
   <datafield tag="653" ind2=" " ind1=" ">
      <subfield code="a">Música</subfield>
   </datafield>
   <datafield ind2="0" ind1="0" tag="245">
      <subfield code="a">ESTUDIO SOBRE LOS HÁBITOS, GUSTOS Y REFERENTES MUSICALES EN LA PROVINCIA DE MÁLAGA</subfield>
   </datafield>
</record>
</metadata></record></GetRecord></OAI-PMH>